All Countries by Southernmost Point on Land - Statistics

General Stats
  • This quiz has been taken 3,890 times
    1,223 since last reset
  • The average score is 121 of 196
Answer Stats
Latitude and Continent Country % Correct
56°30'S - South America Chile
100%
55°04'S - South America Argentina
99%
54°47'S - Oceania Australia
98%
52°37'S - Oceania New Zealand
98%
46°59'S - Africa South Africa
97%
35°02'S - South America Uruguay
97%
33°45'S - South America Brazil
96%
30°40'S - Africa Lesotho
93%
27°36'S - South America Paraguay
92%
28°58'S - Africa Namibia
89%
22°54'S - South America (first above Tropic of Capricorn) Bolivia
88%
27°19'S - Africa Eswatini
88%
26°54'S - Africa Botswana
87%
26°52'S - Africa Mozambique
87%
25°37'S - Africa Madagascar
85%
22°23'S - Europe France
84%
22°25'S - Africa Zimbabwe
83%
21°02'S - Oceania Fiji
81%
22°21'S - Oceania Tonga
81%
18°21'S - South America Peru
80%
20°15'S - Oceania Vanuatu
78%
18°02'S - Africa Angola
76%
04°14'S - South America Colombia
76%
05°00'S - South America Ecuador
76%
11°00'S - Asia Indonesia
76%
20°32'S - Africa Mauritius
76%
14°04'S - Oceania Samoa
76%
13°04'S - Oceania Solomon Islands
76%
18°05'S - Afrrica Zambia
76%
13°27'S - Africa Democratic Republic of the Congo
75%
09°30'S - Asia East Timor
75%
11°26'S - Oceania Kiribati
75%
11°46'S - Oceania Papua New Guinea
75%
17°07'S - Africa Malawi
74%
11°45'S - Africa Tanzania
74%
10°48'S - Oceania Tuvalu
74%
00°40'N - South America (First above Equator) Venezuela
74%
12°25'S - Africa Comoros
73%
01°11'N - South America Guyana
73%
00°33'S - Oceania Nauru
73%
01°50'N - South America Suriname
73%
00°51'N - Asia Malaysia
72%
05°02'S - Africa Republic of the Congo
72%
01°01'N - Oceania Federated States of Micronesia
71%
04°43'S - Africa Kenya
71%
03°00'N - Oceania Palau
71%
10°21'S - Africa Seychelles
71%
04°00'N - Asia Brunei
70%
04°28'S - Africa Burundi
70%
03°59'S - Africa Gabon
70%
04°34'N - Oceania Marshall Islands
70%
07°11'N - North America Panama
70%
02°51'S - Africa Rwanda
70%
01°09'N - Asia Singapore
70%
08°02'N - North America Costa Rica
69%
00°42'S - Asia Maldives
69%
01°40'S - Africa Somalia
69%
01°29'S - Africa Uganda
69%
01°28'S - Africa Equatorial Guinea
68%
04°25'N - Asia Philippines
68%
00°01'S - Africa São Tomé and Príncipe
68%
10°02'N - North America Trinidad and Tobago
68%
01°39'N - Africa Cameroon
67%
02°13'N - Africa Central African Republic
67%
05°37'N - Asia Thailand
67%
06°44'N - Asia India
66%
10°43'N - North America Nicaragua
66%
04°17'N - Africa Nigeria
66%
03°29'N - Africa South Sudan
66%
03°24'N - Africa Ethiopia
65%
05°55'N - Asia Sri Lanka
65%
04°21'N - Africa Côte d'Ivoire
64%
04°44'N - Africa Ghana
64%
11°59'N - North America Grenada
64%
12°59'N - North America Honduras
64%
08°25'N - Asia Vietnam
64%
13°02'N - North America Barbados
63%
06°14'N - Africa Benin
63%
10°21'N - Asia Cambodia
63%
04°21'N - Africa Liberia
63%
09°36'N - Asia Myanmar
63%
12°32'N - North America Saint Vincent and the Grenadines
63%
06°07'N - Africa Togo
63%
07°27'N - Africa Chad
62%
13°09'N - North America El Salvador
62%
13°44'N - North America Guatemala
62%
13°42'N - North America Saint Lucia
62%
19°50'N - North America Cuba
61%
20°55'N - North America Bahamas
60%
09°24'N - Africa Burkina Faso
60%
15°12'N - North America Dominica
60%
17°28'N - North America Dominican Republic
60%
07°12'N - Africa Guinea
60%
18°01'N - North America Haiti
60%
17°42'N - North America Jamaica
60%
19°30'N - Africa Libya
60%
10°10'N - Africa Mali
60%
06°56'N - Africa Sierra Leone
60%
30°15'N - Africa Tunisia
60%
18°54'N - North America USA
60%
18°58'N - Africa Algeria
59%
15°53'N - North America Belize
59%
41°41'N - North America Canada
59%
21°44'N - Africa Egypt
59%
14°32'N - North America Mexico
59%
27°40'N - Africa Morocco
59%
27°38'N - Europe Spain
59%
12°07'N - Asia Yemen
59%
16°55'N - North America Antigua and Barbuda
58%
12°22'N - Africa Eritrea
58%
13°55'N - Asia Laos
58%
14°43'N - Africa Mauritania
58%
11°42'N - Africa Niger
58%
17°06'N - North America Saint Kitts and Nevis
58%
12°18'N - Africa Senegal
58%
11°31'N - Africa Sudan
58%
10°55'N - Africa Djibouti
57%
13°04'N - Africa Gambia
57%
34°49'N - Europe Greece
57%
10°52'N - Africa Guinea-Bissau
57%
35°47'N - Europe Malta
57%
32°24'N - Europe Portugal
57%
63°17'N - Europe Iceland
56%
35°30'N - Europe Italy
56%
14°48'N - Africa Cape Verde
55%
16°39'N - Asia Oman
55%
10°23'N - Asia Taiwan
55%
59°30'N - Europe Finland
54%
57°57'N - Europe Norway
54%
16°05'N - Asia Saudi Arabia
54%
39°39'N - Europe Albania
53%
18°10'N - Asia China
53%
40°52'N - Europe North Macedonia
52%
55°20'N - Europe Sweden
52%
54°34'N - Europe Denmark
51%
57°31'N - Europe Estonia
51%
55°40'N - Europe Latvia
51%
23°42'N - Asia (First above Tropic of Cancer) Pakistan
51%
41°11'N - Europe/Asia Russia
51%
20°34'N - Asia Bangladesh
50%
41°15'N - Europe Bulgaria
50%
25°03'N - Asia Iran
50%
29°04'N - Asia Iraq
50%
24°29'N - Asia Qatar
50%
22°38'N - Asia United Arab Emirates
50%
25°34'N - Asia Bahrain
49%
26°43'N - Asia Bhutan
49%
29°30'N - Asia Israel
49%
53°54'N - Europe Lithuania
49%
41°34'N - Asia Mongolia
49%
26°22'N - Asia Nepal
49%
32°19'N - Asia Syria
49%
29°23'N - Asia Afghanistan
48%
38°50'N - Asia Armenia
48%
38°24'N - Asia Azerbaijan
48%
29°11'N - Asia Jordan
48%
40°34'N - Asia Kazakhstan
48%
28°32'N - Asia Kuwait
48%
41°51'N - Europe Montenegro
48%
42°15'N - Europe Serbia
48%
36°40'N - Asia Tajikistan
48%
35°09'N - Asia Turkmenistan
48%
37°11'N - Asia Uzbekistan
48%
51°15'N - Europe Belarus
47%
42°23'N - Europe Croatia
47%
41°03'N - Asia Georgia
47%
51°23'N - Europe Ireland
47%
20°25'N - Asia Japan
47%
41°85'N - Europe Kosovo
47%
39°10'N - Asia Kyrgyzstan
47%
33°03'N - Asia Lebanon
47%
43°38'N - Europe Romania
47%
49°51'N - Europe United Kingdom
47%
41°54'N - Europe Vatican City
47%
42°34'N - Europe Bosnia and Herzegovina
46%
34°34'N - Asia Cyprus
46%
50°45'N - Europe Netherlands
46%
45°25'N - Europe Slovenia
46%
33°06'N - Asia South Korea
46%
42°26'N - Europe Andorra
45%
49°30'N - Europe Belgium
45%
49°27'N - Europe Luxembourg
45%
45°28'N - Europe Moldova
45%
43°44'N - Europe Monaco
45%
37°46'N - Asia North Korea
45%
49°00'N - Europe Poland
45%
43°54'N - Europe San Marino
45%
47°44'N - Europe Slovakia
45%
45°50'N - Europe Switzerland
45%
35°49'N - Asia Turkey
45%
46°23'N - Europe Austria
44%
48°33'N - Europe Czech Republic
44%
47°17'N - Europe Germany
44%
45°45'N - Europe Hungary
44%
47°03'N - Europe Liechtenstein
44%
44°23'N - Europe Ukraine
44%
No matching quizzes found
Score Distribution
Percent of People with Each Score
Percentile by Number Answered
Your Score History
You have not taken this quiz since the last reset